Penzión, Počúvadlo

Saved in:
Bibliographic Details
Main Author: Spodniaková, Zuzana (Author)
Other Authors: Kuráň, Jozef (Thesis advisor)
Format: Manuscript Book
Language:Slovak
Published: 2015
Subjects:
Online Access:http://is.stuba.sk/zp/portal_zp.pl?podrobnosti=90340
https://opac.crzp.sk/?fn=detailBiblioForm&sid=FF44C990A7CA883E4D8F51929FD7
Tags: Add Tag
No Tags, Be the first to tag this record!

MARC

LEADER 00000ntm a22000003a 4500
001 stuzp51761
003 SK-STU
005 20230818104236.5
007 ta
008 150427s2015----xo-----f-mn---000-0-slo-d
040 |a STU  |b slo 
041 0 |a slo 
100 1 |a Spodniaková, Zuzana  |u 010310  |4 aut  |U SvF Stavebná fakulta  |T SvF Katedra architektúry  |X 9849  |U V181|V310  |Y 19  |7 9849 
242 0 1 |a Guest House, Počúvadlo  |y eng 
245 1 0 |a Penzión, Počúvadlo 
260 |c 2015 
650 4 |a počúvadlo  |2 slo 
650 4 |a penzión  |2 slo 
650 4 |a architektonická štúdia  |2 slo 
650 4 |a guest house  |2 eng 
650 4 |a počúvadlo  |2 eng 
650 4 |a architectural study  |2 eng 
700 1 |a Kuráň, Jozef  |4 ths  |X 710  |7 A000000710 
856 4 |u http://is.stuba.sk/zp/portal_zp.pl?podrobnosti=90340 
856 4 |u https://opac.crzp.sk/?fn=detailBiblioForm&sid=FF44C990A7CA883E4D8F51929FD7 
SQL |a stuzp51761  |b DBP  |c SLO  |d Penzión, Počúvadlo  |e 9849  |f Spodniaková, Zuzana  |g 010310  |h 710  |i Kuráň, Jozef  |j 20150623  |k 4  |l 01  |m http://is.stuba.sk/zp/portal_zp.pl?podrobnosti=90340  |n B-PSA  |o 5.1.4. pozemné stavby, 5.1.1. architektúra a urbanizmus